000 00404 a2200109 4500
001 ART_39070
005 20260410161805.0
008 260409a
245 1 0 _aEfectos jurídicos de la documentación que gobierna la etapa preliminar en la transferencia del control accionario
100 1 _aPapa, Rodolfo G.
773 0 _tDoctrina Societaria y Concursal
_g- Nº 314 (ene. 2014)
_wREV4298
999 _c20888
_d20888